|
|
|
|
| LEADER |
00732 a2200205 4500 |
| 005 |
20151026133157.0 |
| 008 |
130207t xxu||||| |||| 00| 0 eng d |
| 080 |
|
|
|a 542.97
|b BEH
|
| 100 |
|
|
|a Behr, Arno
|9 22822
|
| 245 |
|
|
|a Applied homogeneous catalysis
|c Arno Behr and Peter Neubert
|
| 300 |
|
|
|a xxviii, 688p.
|
| 653 |
|
|
|a Catalysts - Metal compounds
|
| 653 |
|
|
|a Catalysis - Green chemistry
|
| 653 |
|
|
|a Transition metal complexes
|
| 700 |
|
|
|a Neubert, Peter
|9 22821
|
| 942 |
|
|
|c BK
|6 _
|
| 260 |
|
|
|b Wiley-VCH Verlag
|c 2012
|a Germany
|9 22823
|
| 020 |
|
|
|a 9783527326334
|
| 999 |
|
|
|c 64596
|d 64596
|
| 952 |
|
|
|0 0
|1 0
|2 udc
|4 0
|6 54297_BEH
|7 0
|9 76968
|a UL
|b UL
|d 2012-12-20
|e 66
|g 0.00
|l 1
|o 542.97 BEH
|p 00068134
|r 2013-09-09
|s 2013-08-20
|v 0.00
|w 2012-12-20
|y BK
|